Halsbury's Laws of England / (Record no. 616168)

000 -LEADER
fixed length control field 00302nam a22001217a 4500
082 ## - DEWEY DECIMAL CLASSIFICATION NUMBER
Classification number 340.0941
Author Mark HAL
245 ## - TITLE STATEMENT
Title Halsbury's Laws of England /
Statement of responsibility, etc. Editor Kenneth Mugford
250 ## - EDITION STATEMENT
Edition statement Fourth Edition.
260 ## - PUBLICATION, DISTRIBUTION, ETC.
Place of publication, distribution, etc. London :
Name of publisher, distributor, etc. Butterworths,
Date of publication, distribution, etc. 1980.
300 ## - PHYSICAL DESCRIPTION
Dimensions 25 cm.
563 ## - BINDING INFORMATION
Binding note HB.
942 ## - ADDED ENTRY ELEMENTS (KOHA)
Source of classification or shelving scheme
Koha item type Book
Holdings
Withdrawn status Lost status Source of classification or shelving scheme Damaged status Not for loan Permanent Location Current Location Date acquired Source of acquisition Total Checkouts Full call number Barcode Date last seen Price effective from Koha item type Serial Enumeration / chronology
          NUST Law School (NLS) NUST Law School (NLS) 02/10/2026 Donated by Mr. Salahuddin Khan Advocate Supreme Court   340.0941 HAL NLSD-446 02/10/2026 02/10/2026 Book  
          NUST Law School (NLS) NUST Law School (NLS) 02/11/2026 Donated by Mr. Salahuddin Khan Advocate Supreme Court   340.0941 HAL 1983 NLSD-450 02/11/2026 02/11/2026 Book Part-1 Volume 1-12
          NUST Law School (NLS) NUST Law School (NLS) 02/11/2026 Donated by Mr. Salahuddin Khan Advocate Supreme Court   340.0941 HAL 1983 NLSD-451 02/11/2026 02/11/2026 Book Part-2 Volume 13-44
© 2023 Central Library, National University of Sciences and Technology. All Rights Reserved.